Welcome to CU Library Online Public Access Catalogue (OPAC)

YOURS IS THE KINGDOM; (Record no. 6947)

MARC details
000 -LEADER
fixed length control field 00401nam a22001457a 4500
005 - DATE AND TIME OF LATEST TRANSACTION
control field 20250714083144.0
008 - FIXED-LENGTH DATA ELEMENTS--GENERAL INFORMATION
fixed length control field 250714b |||||||| |||| 00| 0 eng d
020 ## - INTERNATIONAL STANDARD BOOK NUMBER
International Standard Book Number 9781844742097
050 ## - LIBRARY OF CONGRESS CALL NUMBER
Classification number BT94
Item number BRA
100 ## - MAIN ENTRY--PERSONAL NAME
Personal name BRAY GERALD
245 ## - TITLE STATEMENT
Title YOURS IS THE KINGDOM;
Remainder of title A SYSTEMATIC THEOLOGGY OF THE LORD'S PRAYER
260 ## - PUBLICATION, DISTRIBUTION, ETC.
Place of publication, distribution, etc. ENGLAND
Name of publisher, distributor, etc. INTERVASITY PRESS
Date of publication, distribution, etc. c2007
300 ## - PHYSICAL DESCRIPTION
Extent 206p
942 ## - ADDED ENTRY ELEMENTS (KOHA)
Source of classification or shelving scheme Library of Congress Classification
Koha item type Books
Suppress in OPAC No
999 ## -
-- 6947
-- 6947
Holdings
Withdrawn status Lost status Source of classification or shelving scheme Damaged status Not for loan Collection Home library Current library Shelving location Date acquired Total checkouts Full call number Barcode Date last seen Copy number Price effective from Koha item type
    Library of Congress Classification     Non-fiction Undergraduate Library (Christ Temple) Undergraduate Library (Christ Temple) General stacks 07/14/2025   BT94 BRA ulct00003821 07/14/2025 1 07/14/2025 Books
    Library of Congress Classification     Non-fiction Undergraduate Library (Christ Temple) Undergraduate Library (Christ Temple) General stacks 07/14/2025   BT94 BRA ulct00003822 07/14/2025 2 07/14/2025 Books
© 2023-2024 Copyright: Central University Libraries. All Rights Reserved | Created by: Mahone Tech Office